Findings de Feldup - Statistiques

Statistiques générales
  • Ce quiz a été pris 160 fois
    20 depuis la dernière actualisation
  • Le résultat moyen est 20 sur 116
Statistiques - réponses
Hint Réponse % Correct
Findings N°3 Caméras de surveillance et paranormal - This house has people in it
75%
Findings N°100 Cette MAISON CACHE un ÉNORME MYSTÈRE
75%
Findings N°111 Les CONSÉQUENCES de Five Nights At Freddy's
75%
Findings N°96 5 LOST MEDIAS ÉTRANGES et BIZARRES - Partie 2
58%
Findings N°95 6 LOST MEDIAS PERTURBANTS qui ont été RETROUVÉS - Partie 1
58%
Findings N°66 7 TERRIFIANTS cas de LOST MEDIA
58%
Findings N°76 8 ENREGISTREMENTS QUI ONT DISPARUS
58%
Findings N°97 Ces IMAGES que vous ne VERREZ JAMAIS - Partie 3
58%
Findings N°88 Ce YOUTUBER qui est TOMBÉ dans les BACKROOMS (Kane Pixels)
58%
Findings N°80 EXPLORATION des BACKROOMS, un LABYRINTHE sur internet
58%
Findings HS « lostboy.exe » le JEU PERDU de 4chan
58%
Findings N°98 "MyHOUSE.WAD", le MOD qui a TERRIFIÉ internet
58%
Findings N°73 Les TRAUMAS D'ENFANCE de notre GÉNÉRATION - Partie 1
42%
Findings N°75 Les TRAUMAS les plus PROFONDS de notre génération - 3
42%
Findings N°74 NOS TRAUMAS D'ENFANCE encore plus TERRIFIANTS - Partie 2
42%
Findings N°104 9 MYSTÈRES TERRIFIANTS de l’histoire de la RADIO
33%
Findings N°103 La station fantôme qui émet depuis plus de 40 ans "UVB-76"
33%
Findings N°69 L'école la plus VIOLENTE de l'histoire - L'enfer ELAN SCHOOL
33%
Findings N°90 Les plus grands SCANDALES et MYSTÈRES de YouTube - Partie 1
33%
Findings N°108 L’immense secret caché dans ce jeu abandonné
33%
Findings N°31 10 musiques TERRIFIANTES, CREEPY et ÉTRANGES
25%
Findings N°58 Ce livestream est-il ILLÉGAL ? Redroom ? L'ENQUÊTE "The Attic"
25%
Findings N°50 Ce youtuber qui est TOMBÉ DANS LA FOLIE (Alantutorial)
25%
Findings N°105 IL EST CACHÉ SOUS TERRE : "The Oldest View"
25%
Findings N°30 INFILTRATION d'un réseau de REDROOM du dark web
25%
Findings HS La FIN d'un des plus GRANDS MYSTÈRES d'internet
25%
Findings N°107 La MORT des BACKROOMS
25%
Findings N°83 Le cauchemar « NICK BATE » - La FACE CACHÉE de YOUTUBE #4 - PARTIE 1
25%
Findings N°92 Les HORREURS CACHÉES les plus SOMBRES de YOUTUBE - Partie 3
25%
Findings N°91 Les MYSTÈRES les plus EFFRAYANTS et OBSCURS de YouTube - Partie 2
25%
Findings N°42 4 appels téléphoniques EFFRAYANTS et MYSTÉRIEUX
17%
Findings N°46 À l'intérieur des CAMPS de CONVERSION pour homosexuels
17%
Findings N°47 ANALYSE de Petscop - L'HORREUR de ce jeu abandonné - Partie 1
17%
Findings HS CET ALBUM M'A DÉTRUIT... - "Everywhere at the end of time" de The Caretaker
17%
Findings N°65 CICADA 3301 - Le groupe secret derrière le MYSTÈRE
17%
Findings N°82 EXPLICATION de MANDELA CATALOGUE, L'Apocalypse en VHS
17%
Findings HS Il s'est passé quelque chose d'INCROYABLE !
17%
Findings N°99 La FACE CACHÉE de Reddit #6
17%
Findings N°48 La RÉSOLUTION FINALE des grands SECRETS de Petscop - Partie 2
17%
Findings N°78 Lars Mittank, DISPARU en PERDANT LA RAISON
17%
Findings N°84 La spirale "RANDY STAIR" - La FACE CACHÉE de YOUTUBE #4 - PARTIE 2
17%
Findings N°4 Le jeu vidéo hanté qui refait surface - Petscop
17%
Findings N°71 L'émission la plus MYSTÉRIEUSE et ÉTRANGE
17%
Findings N°106 Le monde perturbant des jeux de "Kanoguti"
17%
Findings N°45 Le MYSTÈRE qui a SECOUÉ Twitter - @Eiffel1812
17%
Findings N°102 Le « Protocole Ganzfeld »
17%
Findings N°57 Les ÉTRANGES DIFFUSIONS de "Canal 5" Chaîne TV pour enfants
17%
Findings N°101 Personne ne sait d'où vient cet enregistrement
17%
Findings N°21 Une disparition INEXPLIQUABLE - Le cas "Maura Murray" la femme introuvable
17%
Findings N°63 3 PHOTOS derrière des mystères irrésolus
8%
Findings N°68 40 morceaux parmi les plus TERRIFIANTS de l'histoire de la musique
8%
Findings N°59 5 TÉMOIGNAGES effrayants sur REDDIT - La FACE CACHÉE de REDDIT #5
8%
Findings N°52 5 vidéos et chaines CREEPY sur YouTube - La FACE CACHÉE de YouTube #2
8%
Findings N°72 5 YOUTUBERS qui cachaient une partie SOMBRE - La face cachée de Youtube N°3
8%
Findings N°109 Anomalies du Web (Vol. 1)
8%
Findings N°110 Anomalies du Web (Vol. 2)
8%
Findings N°43 Ce numéro est-il DANGEREUX ? 801-820-0263 et Boothworld industries
8%
Findings N°60 CEPH - La SECTE d'internet derrière ces AFFICHES
8%
Findings N°61 Ces images vous disent QUELQUE CHOSE ?
8%
Findings N°87 DESSINS PERTURBANTS issus de MALADIES MENTALES
8%
Findings N°39 ERRATAS, un mot INTERDIT découvert par 4CHAN...
8%
Findings N°89 Explication de ce "bug" étrange de YouTube
8%
Findings N°10 EXPLIQUER "Blank room soup" et "I feel fantastic"
8%
Findings N°51 EXPLORATION du subreddit R/GHOSTS
8%
Findings N°32 J'ai trouvé un COLIS ÉTRANGE et creepy - Le mystère u.imediat.u
8%
Findings N°67 J'essaye de DEBUNK 10 vidéos PARANORMALES
8%
Findings N°36 La FACE CACHÉE de Reddit #1 - 5 étranges histoires de redditors
8%
Findings N°38 La FACE CACHÉE de REDDIT#2 - 5 vraies histoires creepy de REDDIT
8%
Findings N°44 La FACE CACHÉE de Reddit #3 - Catacombes, poupées et stalkers
8%
Findings N°53 La FACE CACHÉE DE REDDIT#4 - 5 histoires ÉTRANGES de l'histoire du site
8%
Findings N°62 La FACE CACHÉE de TikTok #1 - 5 Histoires effrayantes
8%
Findings N°41 La FACE CACHÉE de youtube - 5 Chaînes étranges et creepys
8%
Findings N°94 La FACE CACHÉE du JEU VIDÉO N°1
8%
Findings N°55 L'AFFAIRE "GYPSY ROSE BLANCHARD"
8%
Findings N°85 L'affaire "▓▓▓▓▓▓▓▓" - La FACE CACHÉE de YOUTUBE #4 - PARTIE 3
8%
Findings N°49 La plus grande THÉORIE du COMPLOT de la musique
8%
Findings N°24 La suite DE SRYMARY ? "%OVJZRM Y" : STALK, kidnap, meurtrier et maladies mentales
8%
Findings N°93 La VÉRITÉ derrière "5-MINUTE CRAFTS"
8%
Findings N°40 La vidéo du DARK NET qui a refait surface ? - le mystère WORLDCORP ENTERPRISES
8%
Findings N°54 Le compte qui EFFRAIE TWITTER - Qui est @einsamestiIle
8%
Findings N°77 Le DENTISTE qui TORTURAIT ses patients
8%
Findings N°56 Le MYSTÈRE derrière le THREAD twitter @KennyWhomst
8%
Findings N°12 Le MYSTÈRE inconnu de "SRYMARY" et son MEURTRIER
8%
Findings N°26 Le POLTERGEIST "Robin" twitter : peluche hantée
8%
Findings N°79 Le sombre SECRET derrière ce COMPTE REDDIT - « Lake City Quiet Pills »
8%
Findings N°81 L'expérience de PSYCHOLOGIE la plus HORRIBLE
8%
Findings N°86 L'HORREUR de TIKTOK - La face cachée de Tiktok #2
8%
Findings N°37 NATTRAMN et SILENCER - Le groupe le plus MYSTÉRIEUX du BLACK METAL
8%
Findings N°27 PARANORMAL ? OVNI ? Cryptides ? Comment les fakes sont créés
8%
Findings N°29 Pourquoi vous ne POUVEZ PAS appeler ce NUMÉRO de téléphone
8%
Findings N°35 Que se passe-t-il avec @sujet131 ?
8%
Findings N°28 RETOUR sur le DARKNET - légendes et fantasmes
8%
Findings N°34 Un colis de SERIAL KILLER trouvé dans un CHAMP ? - Le mystère u.imediat.u
8%
Findings N°18 UN des cas de DISPARITION les plus MYSTÉRIEUX (Andrew Gosden)
8%
Findings N°33 UN STALKER me donne un mystérieux colis... - le mystère u.imediat.u
8%
Findings N°64 Un tueur sur TikTok ? Le cas @youshouldntbelooking
8%
Findings N°16 VIDEO, JEU qui vient du DEEP WEB
8%
Findings HS Vos HORREURS et PEURS d'enfance
8%
Findings N°15 3 CHAÎNES youtube étranges N°1
0%
Findings N°1 973-eht-namuh-973.com - Site internet vertigineux...
0%
Findings N°5 Apparitions au fin fond d'une mine - Exploring abandoned mines and unusual places
0%
Findings N°70 Ces vidéos PARANORMALES sont elles fake ? - Debunkage
0%
Findings N°20 "CETTE VIDÉO EST MAUDITE" ... Vraiment ? - le syndrome "cursed video"
0%
Findings N°6 Eckva, la SUITE de Marble Hornets !
0%
Findings N°23 ENREGISTRER des patients D'ASILE PSYCHIATRIQUE, le projet :STALAGGH:
0%
Findings N°14 EXPLORATION DE @thesunvanished - le mystère qui a assombrit TWITTER
0%
Findings N°11 Le cas d'ENRICKS, l'étrange site qui a disparu
0%
Findings N°22 Le MESSAGE VOCAL inexpliquable d'un redditeur, KIDNAPPING ?
0%
Findings N°13 Le mystère de L'INTRUS snapchat - L'affaire u/skina555
0%
Findings N°9 Le premier STALKER - Le mystère de l'Original Night Stalker
0%
Findings N°25 Les JEUX et confessions de SERIAL KILLERS sur 4chan
0%
Findings N°2 Shaye saint john - L'absurdité de l'étrange
0%
Findings N°17 S'occuper d'un MONSTRE - Le mystère de Daisy Brown
0%
Findings N°19 TROUVER ce TUEUR semble IMPOSSIBLE - le meurtre "Down the hill"
0%
Findings N°7 Un CADAVRE sur youtube ? Le mystère Robert Helpmann
0%
Findings N°8 Un MORT sur 4chan - Le mystère d'alex de tenessee
0%
Aucun quiz correspondant
Distribution des résultats
% des personnes avec chaque résultat
Percentile par nombre de réponses
Votre historique - résultats
Vous n’avez pas pris ce quiz depuis la dernière actualisation